Metóda, technika a nástroje územného plánovania v podmienkach nášho socialistického zriadenia /

Gespeichert in:
Bibliographische Detailangaben
1. Verfasser: Michalec, Ivan (Verfasst von)
Weitere Verfasser: Hruška, Emanuel (Rezension), Zalčík, Tibor (Rezension)
Format: Manuskript Buch
Sprache:Slowakisch
Veröffentlicht: Bratislava : Veda - vydavateľstvo Slovenskej akadémie vied v Bratislave, 1976
Schlagworte:
Tags: Tag hinzufügen
Keine Tags, Fügen Sie das erste Tag hinzu!

MARC

LEADER 00000ntm a22000003a 4500
001 0112485
003 SK-STU
005 20241121133103.1
007 ta
008 241121s2024----xo-----f-mn---000-0-slo-d
040 |a STU  |b slo 
041 0 |a slo 
044 |a xo  |c SK 
100 1 |a Michalec, Ivan  |4 aut 
245 1 0 |a Metóda, technika a nástroje územného plánovania v podmienkach nášho socialistického zriadenia /  |c aut. Ivan Michalec ; rec. Emanuel Hruška, Tibor Zalčík 
260 |a Bratislava :  |b Veda - vydavateľstvo Slovenskej akadémie vied v Bratislave,  |c 1976 
300 |a 400 s. 
650 0 7 |a urbanizmus a územné plánovanie 
650 0 7 |a územnoplánovacia dokumentácia 
650 0 7 |a metódy a postupy 
650 0 7 |a urbanistické plánovanie 
650 0 7 |a ochrana životného prostredia 
650 0 7 |a stavebný zákon 
700 1 |a Hruška, Emanuel  |4 rev 
700 1 |a Zalčík, Tibor  |4 rev 
996 |b 284AU10054  |c A* 136/V  |l AAKNST  |s P  |a 0  |w 0112485_0001